Statistics for Director By Movies

Click here to take the quiz!

General Stats

  • This quiz has been taken 75 times
  • The average score is 23 of 30

Answer Stats

HintAnswer% Correct
Reservoir Dogs (1992), Pulp Fiction (1994)Quentin Tarantino
100%
Titanic (1997), Avatar (2009)James Cameron
97%
Jaws (1975), Schindler's List (1993)Steven Spielberg
97%
Taxi Driver (1976), Goodfellas (1990)Martin Scorsese
95%
Dr Strangelove (1964), A Clockwork Orange (1971)Stanley Kubrick
93%
North by Northwest (1959), The Birds (1963)Alfred Hitchcock
92%
Million Dollar Baby (2004), Gran Torino (2008)Clint Eastwood
92%
Fargo (1996), No Country For Old Men (2007)Ethan Coen
92%
Beetlejuice (1988), Edward Scissorhands (1990)Tim Burton
92%
The Godfather (1972), Apocalypse Now (1979)Francis Ford Coppola
90%
Brokeback Mountain (2005), Life of Pi (2012)Ang Lee
88%
Inception (2010), Dunkirk (2017)Christopher Nolan
87%
Do the Right Thing (1989), Malcolm X (1992)Spike Lee
85%
Annie Hall (1977), Crimes and Misdemeanors (1989)Woody Allen
85%
Blade Runner (1982), Gladiator (2000)Ridley Scott
83%
Citizen Kane (1941), The Third Man (1949)Orson Welles
82%
Back to the Future (1985), Forrest Gump (1994)Robert Zemeckis
80%
Fight Club (1999), The Social Network (2010)David Fincher
77%
Rosemary's Baby (1968), Chinatown (1974)Roman Polanski
77%
Eraserhead (1977), Blue Velvet (1986)David Lynch
75%
Pearl Harbor (2001), Transformers (2007)Michael Bay
72%
Apollo 13 (1995), A Beautiful Mind (2001)Ron Howard
70%
The Grapes of Wrath (1940), The Searchers (1956)John Ford
60%
It Happened One Night (1934), It's a Wonderful Life (1946)Frank Capra
58%
Wall Street (1987), Natural Born Killers (1994)Oliver Stone
57%
MASH (1970), Nashville (1975)Robert Altman
47%
The Graduate (1967), Working Girl (1988)Mike Nichols
45%
A Streetcar Named Desire (1951), On The Waterfront (1954)Elia Kazan
43%
The Maltese Falcon (1941), The African Queen (1951)John Huston
43%
Harold and Maude (1971), Being There (1979)Hal Ashby
18%

Score Distribution

Percentile by Number Answered

Percent of People with Each Score

Your Score History

You have not taken this quiz